|
|
|
|
| LEADER |
00000nam0a2200000 4500 |
| 001 |
199391 |
| 005 |
20231101224858.0 |
| 035 |
|
|
|a (RuTPU)RU\TPU\book\217420
|
| 090 |
|
|
|a 199391
|
| 100 |
|
|
|a 20110804d1948 m y0rusy50 ca
|
| 101 |
0 |
|
|a rus
|
| 102 |
|
|
|a RU
|
| 105 |
|
|
|a acf z 001zd
|
| 200 |
1 |
|
|a Русские ученые в цветной металлургии
|f под ред. Е. А. Маренкова
|
| 210 |
|
|
|a Москва
|c Металлургиздат
|d 1948
|
| 215 |
|
|
|a 143 с.
|c портр.
|
| 300 |
|
|
|a На титульном листе перечислены авторы очерков
|
| 320 |
|
|
|a Библиогр.: с. 140-143
|
| 464 |
|
|
|t Роль русских геологов в создании учения о рудных месторождениях
|f В. М. Крейтер
|
| 464 |
|
|
|t М. В. Ломоносов - основоположник металлургии как науки
|f И. Н. Плаксин
|
| 464 |
|
|
|t Значение трудов Д. И. Менделеева в научном развитии металлургии
|f А. Н. Крестовников
|
| 464 |
|
|
|t Открытие золота на Урале
|f В. В. Данилевский
|
| 464 |
|
|
|t Роль русских инженеров в развитии металлургии меди
|f В. А. Ванюков
|
| 464 |
|
|
|t Зарождение основ металлургии благородных металлов
|f И. Н. Плаксин
|
| 464 |
|
|
|t Роль русских ученых и инженеров в развитии металлургии алюминия
|f А. И. Беляев
|
| 600 |
|
1 |
|a Ломоносов
|g Михаил Васильевич
|b М. В.
|c ученый-естествоиспытатель, поэт, историк, художник, деятель просвещения, науки и экономики
|f 1711-1765
|2 stltpush
|3 (RuTPU)RU\TPU\pers\975
|
| 600 |
|
1 |
|a Соколов
|b Д. И.
|c русский геолог
|c профессор Петербургского университета
|f 1788-1852
|g Дмитрий Иванович
|2 stltpush
|3 (RuTPU)RU\TPU\pers\13611
|9 4218
|
| 600 |
|
1 |
|a Кокшаров
|b Н. И.
|c минералог
|c кристаллограф
|c директор Горного Института (1872-1881)
|c академик Петербургской АН
|c директор Минералогического Музея АН (1866-1873)
|f 1818-1892
|g Николай Иванович
|2 stltpush
|3 (RuTPU)RU\TPU\pers\21898
|
| 600 |
|
1 |
|a Фёдоров
|b Е. С.
|c кристаллограф, минералог и математик
|c Академик Российской академии наук, директор Петербургского Горного института (1905—1910)
|f 1853-1919
|g Евграф Степанович
|2 stltpush
|3 (RuTPU)RU\TPU\pers\9865
|9 2065
|
| 600 |
|
1 |
|a Менделеев
|g Дмитрий Иванович
|b Д. И.
|c учёный-энциклопедист, химик, педагог
|f 1834-1907
|c член-корреспондент Петербургской АН
|2 stltpush
|3 (RuTPU)RU\TPU\pers\1367
|
| 600 |
|
1 |
|a Соболевский
|b П. Г.
|c русский металлург и химик
|f 1782-1841
|g Петр Григорьевич
|2 stltpush
|3 (RuTPU)RU\TPU\pers\12113
|9 3178
|
| 600 |
|
1 |
|a Бекетов
|b Н. Н.
|c российский химик
|c основатель отечественной научной школы физико-химиков
|c академик Петербургской АН (1886)
|f 1827-1911
|g Николай Николаевич
|2 stltpush
|3 (RuTPU)RU\TPU\pers\17679
|
| 606 |
1 |
|
|a Цветная металлургия
|2 stltpush
|3 (RuTPU)RU\TPU\subj\17753
|9 43323
|
| 610 |
1 |
|
|a металлургия
|
| 610 |
1 |
|
|a медь
|
| 610 |
1 |
|
|a золото
|
| 610 |
1 |
|
|a алюминий
|
| 610 |
1 |
|
|a благородные металлы
|
| 610 |
1 |
|
|a техника
|
| 610 |
1 |
|
|a геологи
|
| 610 |
1 |
|
|a инженеры
|
| 610 |
1 |
|
|a история науки
|
| 610 |
1 |
|
|a Россия
|
| 610 |
1 |
|
|a труды учёных ТПУ
|
| 610 |
1 |
|
|a коллекция ТПУ
|
| 675 |
|
|
|a 669.2(092)
|v 3
|
| 702 |
|
1 |
|a Маренков
|b Е. А.
|4 340
|
| 801 |
|
1 |
|a RU
|b 63413507
|c 20110804
|
| 801 |
|
2 |
|a RU
|b 63413507
|c 20221108
|g RCR
|
| 942 |
|
|
|c BK
|